Modern family - Statistics

General Stats
  • This quiz has been taken 463 times
  • The average score is 12 of 15
Answer Stats
Hint Answer % Correct
In the family Alex dunphy
97%
In the family Claire dunphy
96%
In the family Jay pritchett
96%
In the family Phil Dunphy
96%
In the family Cameron tucker
95%
In the family Luke dunphy
95%
In the family Gloria delgado
94%
In the family Manny delgado
93%
In the family Mitchell pritchett
93%
In the family Lily Pritchett-tucker
91%
Mother and ex wife De De
89%
In the family Joe pritchett
75%
In the family Hayley dunphy
54%
Family friend Pepper
29%
Ex husband Javier Delgado
26%
No matching quizzes found
Score Distribution
Percent of People with Each Score
Percentile by Number Answered
Your Score History
You have not taken this quiz